Metódy plánovania, evidencie a kalkulácie nákladov v organizáciách výskumnej a vývojovej základne záverečná práca postgraduálneho štúdia

Salvato in:
Dettagli Bibliografici
Autore principale: Kutáš, Július
Ente Autore: Vysoká škola ekonomická v Bratislave
Altri autori: Štubňová, Ľudmila
Natura: Libro
Lingua:slovacco
Pubblicazione: Bratislava 1987
Tags: Aggiungi Tag
Nessun Tag, puoi essere il primo ad aggiungerne!!

MARC

LEADER 00000nam a2200000 4500
001 c025777
005 20230116095139.0
041 0 |a slo 
044 |a SK 
245 1 0 |a Metódy plánovania, evidencie a kalkulácie nákladov v organizáciách výskumnej a vývojovej základne  |b záverečná práca postgraduálneho štúdia  |c Július Kutáš ; Ved. práce Ľudmila Štubňová 
264 1 |a Bratislava  |c 1987 
300 |a 74 s. 
100 1 |a Kutáš, Július 
700 1 |a Štubňová, Ľudmila 
710 2 |a Vysoká škola ekonomická v Bratislave